000 01248nam a2200265Ia 4500
999 _c52978
_d52978
001 20009
003 GE_BSU
005 20250318134156.0
008 181216s2014||||ge |||||||||||||| ||geo||
020 _a978-9941-21-520-9
040 _cGE_BSU
041 _ageo
080 _a821.161.1-31 ტ-67
100 _aტოლსტოი, ლევ (1828-1910)
_916531
245 _a ომი და მშვიდობა : 2 წიგნად. წ. 1. [ტ. 1-2] :
_b[რომანი] /
_cლევ ტოლსტოი ; რუს. თარგმნეს ილია აგლაძემ და არისტო ჭუმბაძემ ; მთ. რედ. ნინო დეკანოსიძე.
264 _aთბილისი :
_bპალიტრა L,
_c2014.
300 _a732 გვ. ;
_c23 სმ.
541 _h19 ლ.
653 _aომი და მშვიდობა
653 _aრომანი
700 _aაგლაძე, ილია
_eმთარგმნელი
_924588
700 _aჭუმბაძე, არისტო
_eმთარგმნელი
_924592
700 _aდეკანოსიძე, ნინო
_eრედაქტორი
_915790
942 _cBK
_2udc